Derry City Quiz - Statistics

General Stats
  • This quiz has been taken 91 times
  • The average score is 12 of 33
Answer Stats
Hint Answer % Correct
Official name, highly controversial Londonderry
99%
Located in this traditional province Ulster
88%
Located in this county County Londonderry
85%
Located on this river Foyle
85%
Atrocity that occurred in 1972 Bloody Sunday
63%
Comedy series set in city Derry Girls
63%
Girls Aloud member Nadine Coyle
58%
Elegant pedestrian bridge in city centre Peace Bridge
53%
Eastern area of city Waterside
50%
Double decker bridge in city centre Craigavon Bridge
43%
Stephen King novel set in fictional Maine town with same name It
43%
Main university Magee College(Ulster University)
43%
The city is famous for this Walls
43%
Western area of city Cityside
42%
Road bridge carrying bypass Foyle Bridge
39%
Main theatre Millennium Forum
38%
Until its closure in 2016, it was the oldest department store in the world Austins
32%
Largest park St Columb's Park
32%
Nickname The Maiden City
26%
Icons on coat of arms Castle and skeleton
24%
Translation of name Oak grove
24%
Large festival held to celebrate this Halloween
21%
Fraternity formed in city The Apprentice Boys
19%
Roman Catholic Cathedral St Eugene's Cathedral
18%
Church of Ireland Cathedral St Columb's Cathedral
14%
Famous local broadcaster Gerry Anderson
11%
Material manufactured in city Kevlar
8%
Former NCC/current NIR railway terminus Waterside
7%
Former GNRI railway terminus Foyle Street
4%
Organisation that rebuilt the city The Irish Society
4%
Former LLSR narrow gauge terminus Graving Dock
3%
Former CDJRC narrow gauge terminus Victoria Street
3%
Motto Vitas, Veritas, Victoria(Life, Truth, Victory)
3%
No matching quizzes found
Score Distribution
Percent of People with Each Score
Percentile by Number Answered
Your Score History
You have not taken this quiz